La responsabilidad de los universitarios / (Record no. 105256)

MARC details
000 -LEADER
campo de control de longitud fija 00697nam a22002171 4500
001 - NÚMERO DE CONTROL
campo de control 105256
003 - IDENTIFICADOR DE NÚMERO DE CONTROL
campo de control ES-MaACL
005 - FECHA Y HORA DE LA ÚLTIMA TRANSACCIÓN
campo de control 20260129170027.0
007 - CAMPO FIJO DE DESCRIPCIÓN FÍSICA--INFORMACIÓN GENERAL
campo de control de longitud fija t|
008 - DATOS DE LONGITUD FIJA--INFORMACIÓN GENERAL
campo de control de longitud fija 060620s1956 sp 00100 spa d
080 ## - NÚMERO DE LA CLASIFICACIÓN DECIMAL UNIVERSAL
Número de la Clasificación Decimal Universal 378.4(04)
100 1# - ENTRADA PRINCIPAL--NOMBRE DE PERSONA
Nombre de persona López Ortiz, José,
Fechas asociadas al nombre 1898-1992
9 (RLIN) 73849
245 13 - MENCIÓN DEL TÍTULO
Título La responsabilidad de los universitarios /
Mención de responsabilidad, etc. Fray José López Ortiz.
260 ## - PUBLICACIÓN, DISTRIBUCIÓN, ETC.
Lugar de publicación, distribución, etc. Madrid :
Nombre del editor, distribuidor, etc. Rialp,
Fecha de publicación, distribución, etc. 1956 (
Fabricante Rivadeneyra)
300 ## - DESCRIPCIÓN FÍSICA
Extensión 200 p. ;
Dimensiones 19 cm.
490 1# - MENCIÓN DE SERIE
Mención de serie Biblioteca del pensamiento actual ;
Designación de volumen o secuencia 57
650 14 - PUNTO DE ACCESO ADICIONAL DE MATERIA--TÉRMINO DE MATERIA
Término de materia o nombre geográfico como elemento de entrada Estudiantes universitarios.
9 (RLIN) 12574
830 1# - PUNTO DE ACCESO ADICIONAL DE SERIE-TÍTULO UNIFORME
Título uniforme Biblioteca del pensamiento actual
Designación de volumen o secuencia 57
9 (RLIN) 181187
852 ## - LOCALIZACIÓN
Ubicación ES-MaACL
Número de control de estantería C-10529
Holdings
Estatus retirado Estado de pérdida Estado de daño No para préstamo Biblioteca de origen Biblioteca actual Ubicación en estantería Fecha de adquisición Fuente de adquisición Total de préstamos Signatura topográfica completa Código de barras Visto por última vez Precio de reemplazo Tipo de ítem Koha
        Biblioteca del Ateneo de Madrid Biblioteca del Ateneo de Madrid Sala Palomar 17/01/2008     C-10529 1109886 23/02/2023 23/02/2023 Libro impreso